000 00978nam a2200229 a 4500
008 080516s2008 ||||||||||||||||| || u
020 _a9780821368862
050 _aIBRD(06)DD/2008/6
100 _aGarcia, Marito
245 1 0 _aAfrica's future, Africa's challenge: early childhood care and development in Sub-Saharan Africa
_cEdited by Marito Garcia, Alan Pence, and Judith L. Evans
260 _aWashington, D.C.
_bWorld Bank
_c2008
300 _axxix, 525p. :ill
350 _a0.00
490 _aDirections in development (Human development)
650 _aCHILD CARE--AFRICA, SUB-SAHARAN
650 _aEARLY CHILDHOOD EDUCATION--AFRICA, SUB-SAHARAN
650 _aCHILD DEVELOPMENT--AFRICA, SUB-SAHARAN
700 _aPence, Alan
700 _aEvans, Judith L
710 _aThe Word bank
995 _D0.00
_FCBU-MAIN LIBRARY (Kitwe)
_H1
_I0.00
_M1
_UAVAILABLE
_WAug 27, 2008
_ZInternational Publications
999 _c33834
_d33834